हमारा स्वास्थ्य आहार,योग और विज्ञान / (Record no. 23026)

MARC details
000 -LEADER
fixed length control field 01287nam a22003017a 4500
005 - DATE AND TIME OF LATEST TRANSACTION
control field 20090204153945.0
008 - FIXED-LENGTH DATA ELEMENTS--GENERAL INFORMATION
fixed length control field 090204t xxu||||| |||| 00| 0 hin d
010 ## - LCCN (DPL NO)
LC control number HIN-85379
020 ## - INTERNATIONAL STANDARD BOOK NUMBER
International Standard Book Number 9788190415751
Terms of availability 200.00
035 ## - SYSTEM CONTROL NUMBER
System control number HN-57725
037 ## - SOURCE OF ACQUISITION
Source of stock number/acquisition DBAD / PUB
040 ## - CATALOGING SOURCE
Original cataloging agency DPL
Language of cataloging HN
082 ## - DEWEY DECIMAL CLASSIFICATION NUMBER
Classification number 613
100 ## - MAIN ENTRY--PERSONAL NAME
Personal name त्यागी, ब्रजेश
245 ## - TITLE STATEMENT
Title हमारा स्वास्थ्य आहार,योग और विज्ञान /
Statement of responsibility, etc ब्रजेश त्यागी,
246 ## - VARYING FORM OF TITLE
Title proper/short title Hamaaraa swaasthya aahaara yoga aura vigyana
Remainder of title by Brijesh Tyagi
260 ## - PUBLICATION, DISTRIBUTION, ETC. (IMPRINT)
Place of publication, distribution, etc नई दिल्ली
Name of publisher, distributor, etc स्काई बुक्स इंटरनेशनल
Date of publication, distribution, etc 2008
270 ## - ADDRESS
Address 1/1079-ई महरौली
City नई दिल्ली
Postal code 110 030
300 ## - PHYSICAL DESCRIPTION
Extent 160 पृ.
Other physical details (सचित्र)
Dimensions 22 सेमी (सजिल्द)
650 ## - SUBJECT ADDED ENTRY--TOPICAL TERM
Topical term or geographic name as entry element स्वास्थ्य
650 ## - SUBJECT ADDED ENTRY--TOPICAL TERM
Topical term or geographic name as entry element Health
650 ## - SUBJECT ADDED ENTRY--TOPICAL TERM
Topical term or geographic name as entry element योग
650 ## - SUBJECT ADDED ENTRY--TOPICAL TERM
Topical term or geographic name as entry element Yoga
650 ## - SUBJECT ADDED ENTRY--TOPICAL TERM
Topical term or geographic name as entry element आहार,
650 ## - SUBJECT ADDED ENTRY--TOPICAL TERM
Topical term or geographic name as entry element Nutrition
942 ## - ADDED ENTRY ELEMENTS (KOHA)
Source of classification or shelving scheme Dewey Decimal Classification
Item type Hindi Books
Call number suffix त्यागीबृ
Classification part 613
Holdings
Withdrawn status Lost status Source of classification or shelving scheme Damaged status Not for loan Home library Current library Date acquired Source of acquisition Cost, normal purchase price Total Checkouts Full call number Barcode Date last seen Copy number Cost, replacement price Koha item type
    Dewey Decimal Classification   Not For Loan D.B.Act.Division D.B.Act.Division 18/12/2008 DBAD / PUB 200.00   613 त्यागीबृ HN-57725 04/02/2009 1 200.00 Hindi Books

© Delhi Public Library
Hit Counter
free hit counter